000 nam a22 7a 4500
999 _c9935
_d9935
008 180208b ||||| |||| 00| 0 eng d
100 _aAitchisom, M
_95996
245 _aDick whittington
260 _aLondon
_bLadybind Publiacation
_c1993